[Event "Los Angeles"]
[Site "Los Angeles"]
[Date "2003.08.20"]
[Round "3"]
[White "Matikozian, Andranik"]
[Black "Taylor, Timothy"]
[Result "1-0"]
[WhiteElo "2430"]
[BlackElo "2401"]
[Annotator "Huzman,A"]
[PlyCount "85"]
[EventDate "2003.08.18"]
[EventType "tourn"]
[EventRounds "9"]
[EventCountry "USA"]
[EventCategory "10"]
[SourceTitle "CBM 097"]
[Source "ChessBase"]
[SourceDate "2003.11.11"]
[SourceVersion "1"]
[SourceVersionDate "2003.11.11"]
[SourceQuality "1"]

1. e4 e5 2. Nf3 d6 3. d4 exd4 4. Nxd4 g6 5. Nc3 Bg7 6. Be3 Nf6 7. Qd2 O-O 8.
O-O-O Re8 9. f3 Nc6 10. Kb1 (10. h4 Ne5 11. Bg5 (11. Bh6 Bh8 12. Bg5 a6 13. h5
b5 14. hxg6 (14. f4 Neg4 15. hxg6 fxg6 16. Qe1 Qd7 17. e5 dxe5 18. fxe5 Rxe5
19. Qh4 $44 {1/2-1/2 Capuano,E-Lagumina,G/Campobasso 1998/EXT 2000 (28)}) (14.
Kb1 Bb7 15. Nd5 c5 16. Nxf6+ Bxf6 17. Bxf6 Qxf6 18. Ne2 d5 $132 {0-1
Santo-Roman,M/Mandelieu la Napoule 1992 (39)}) 14... fxg6 15. Qf4 (15. Nd5 c5
16. Nb3 Be6 17. Nxf6+ Bxf6 18. Bxf6 Qxf6 19. Qh6 Ra7 20. Rxd6 $16 {1-0 Drobne,
M-Sirnik,B/Ljubljana 1999/EXT 2000 (37)}) 15... c5 16. Nc6 Nxc6 17. Rxd6 Qc7
18. Bxf6 $18 {1-0 Pilgaard,K-Bueno Abalo,M/Burgos 2001/EXT 2002 (24)}) 11... a6
12. h5 b5 13. hxg6 (13. Nd5 c5 14. Nb3 Be6 15. hxg6 fxg6 16. Na5 Bxd5 17. Qxd5+
Nxd5 18. Bxd8 Ne3 $19 {0-1 Kountz,J-Hauke,C/Hockenheim 1994/EXT 2001 (30)})
13... fxg6 14. Nd5 c5 15. Nb3 c4 16. Nd4 Bb7 17. Kb1 Nf7 18. Bxf6 Bxf6 19.
Nxf6+ Qxf6 $13 {0-1 Parr,D-Mulligan,S/Isle of Man 1993/EXT 98 (32)}) 10... Ne5
11. h4 a6 12. Bg5 (12. Bh6 Bh8 13. Bg5 b5 14. Nd5 (14. b3 Bb7 15. Nde2 Rb8 16.
Nf4 Ba8 17. Ncd5 $36 {1/2-1/2 Van der Vorm,T-Roobol,M/NED 2000/CBM 76 ext (43)}
) 14... c5 15. Nb3 c4 16. Nd4 Bb7 17. h5 Bxd5 18. exd5 Rc8 19. hxg6 fxg6 20. g3
c3 21. Qh2 Re7 22. Bh3 $16 {1-0 Buckley,S-Sheehan,A/England 1997/EXT 99 (28)})
12... b5 (12... Qd7 13. Be2 b5 14. g4 c5 15. Nb3 c4 16. Nd4 b4 17. Nd5 Nxd5 18.
exd5 c3 $17 {0-1 Wiman,K-Olsson,B/Vaxjo 1994/EXT 2001 (43)}) 13. h5 Bb7 {
Every move is important in complicated position.The last move of Black has no
sence because Bb7 has no perspectives on the diagonal b7-h1.} (13... c5 14. Nb3
(14. Nde2 Qa5 15. Qxd6 Be6 16. Bxf6 Bxf6 17. Nd5 Red8 18. Qxc5 Bxd5 19. exd5
Nc4 20. c3 Rac8 $44 {0-1 Sasirekha,N-Sales Montealegre,R/Menorca 1996/Juniors 
(48)}) 14... c4 15. h6 Bh8 16. Qxd6 Qxd6 17. Rxd6 cxb3 18. Rxf6 bxc2+ 19. Kxc2
Bxf6 20. Bxf6 Bb7 21. Be2 Rac8 $15 {0-1 Joachim,S-Bauer,C/Bad Zwesten 2002/CBM
86 ext (41)}) 14. Qf4 (14. hxg6 fxg6 15. Qf4 Nf7 16. Bh4 h6 $13 (16... g5 17.
Bxg5 Nxg5 18. Qxg5 Nxe4 19. Nxe4 Qxg5 20. Nxg5 Bxd4 21. Rxh7 Bg7 22. Bd3 $16))
(14. Nd5 c5 $132) (14. Bh6 Bh8) 14... b4 $2 (14... Nxh5 $1 15. Bxd8 (15. Qh4
Bf6 16. Bxf6 Qxf6 17. Qh3 c5 $15) (15. Rxh5 f6 16. Bh6 $5 gxh5 17. Nf5 Ng6 18.
Qe3 Bh8 19. Nd5 $44) 15... Nxf4 16. Bxc7 d5 17. g3 Ne6 18. Nxe6 fxe6 19. exd5
b4 20. Ne4 Bxd5 $132) 15. Nce2 Nc4 $2 {The idea to sacrifise Nb2 is wrong as
Bf1 will take decisive part in the attack of White from square c4 after this.}
(15... Nxh5 $5 16. Rxh5 (16. Bxd8 Nxf4 17. Bxc7 Nxe2 18. Bxe2 d5 19. f4 Nc4)
16... f6 17. Bh6 gxh5 18. Nf5 Bh8 19. Neg3 $40) (15... c5 16. Nb3 Nxh5 17. Rxh5
f6 18. Bh6 gxh5 19. Bxg7 Kxg7 20. Ng3 Kh8 21. Nxc5 $44) 16. hxg6 hxg6 (16...
fxg6 17. Ne6 $1 Rxe6 18. Nd4 Na3+ 19. bxa3 Re8 20. Bc4+ $18) 17. Ng3 Nxb2 18.
Kxb2 c5 19. Bc4 $1 cxd4 20. Bh6 Bh8 {[%tqu "En","Find winning combination.","",
"","h6f8","/\22.Rh8 Kh8 23.Qh6",10]} 21. Bf8 $1 $18 {/\22.Rh8 Kh8 23.Qh6} Kxf8
(21... Rxf8 22. Rxh8+ Kxh8 23. Qh6+ Kg8 (23... Nh7 24. Rh1 $18) 24. Qxg6+ Kh8
25. Rh1+ Nh7 26. Qxh7#) 22. Rxh8+ Ke7 23. Rxe8+ Kxe8 (23... Qxe8 24. e5 $1 Nd7
25. exd6+ Kd8 (25... Kf8 26. Qh6+ Kg8 27. Rh1 Qe5 28. Qh7+ Kf8 29. Qxf7#) 26.
Bxf7 $18) 24. Rxd4 Rc8 (24... Qe7 25. Rxd6 Ng8 26. Qxf7+ Qxf7 27. Bxf7+ Kxf7
28. Rd7+ $18) 25. e5 $1 Rxc4 (25... d5 26. Bd3 Nh5 (26... Nd7 27. e6 $18) 27.
Nxh5 gxh5 28. Rxb4 $18) 26. Rxc4 Nd5 27. Qd4 Qa5 28. Ne4 Nc3 29. Nxc3 (29.
Nxd6+ Ke7 30. Rxb4 $18) 29... dxe5 30. Qc5 bxc3+ 31. Rxc3 Qxc5 32. Rxc5 f6 33.
Rc7 Bd5 34. a4 Kd8 35. Rg7 g5 36. Kc3 e4 37. fxe4 Bxe4 38. g3 Kc8 39. a5 Kb8
40. Kd2 Kc8 41. c4 Kb8 42. Ke3 Bc6 43. Rf7 1-0

[Event "EU-ch 2nd"]
[Site "Ohrid"]
[Date "2001.06.10"]
[Round "9"]
[White "Ekstroem, Roland"]
[Black "Mitkov, Nikola"]
[Result "1-0"]
[WhiteElo "2492"]
[BlackElo "2578"]
[Annotator "Huzman,A"]
[PlyCount "105"]
[EventDate "2001.06.01"]
[EventType "swiss"]
[EventRounds "13"]
[EventCountry "YUG"]
[SourceTitle "CBM 084"]
[Source "ChessBase"]
[SourceDate "2001.09.13"]
[SourceVersion "1"]
[SourceVersionDate "2001.09.13"]
[SourceQuality "1"]

1. e4 {Bangiev} d6 2. d4 Nf6 3. Nc3 e5 4. Nf3 Nbd7 5. Bc4 Be7 6. O-O O-O 7. Re1
c6 8. a4 a5 {Bangiev: 'Schwarz sichert damit das Feld c5 für den Springer d7.'}
9. h3 exd4 10. Qxd4 {Bangiev: 'Dies ist wesentlich aktiver als die Alternative
10.Nd4. Weiß versucht damit, Druck auf die Felder e5 und d6 auszuüben.'} Nc5
11. b3 (11. Bg5 {Bangiev} Ne6 12. Bxe6 Bxe6 13. Rad1 Re8 14. Bxf6 Bxf6 15. Qxd6
Qb6 16. e5 Be7 17. Qd2 Qxb2 $14 {1-0 Timoscenko,G-Planinec,A/Polanica Zdroj
1979/(76)}) (11. Be3 {Bangiev} Ncxe4 (11... Be6 {Bangiev} 12. Bxe6 Nxe6 {
1/2-1/2 Feletar,D-Novak,D/Pula 1999/(26)}) 12. Nxe4 d5 13. Nxf6+ (13. Bxd5 {
Bangiev} Nxd5 (13... cxd5 {Bangiev} 14. Nc3 Be6 15. Rad1 $14) 14. Bg5 Bxg5 15.
Nexg5 $14 {1/2-1/2 Zelcic,R-Novak,D/Pula 2000/ (49)}) 13... Bxf6 14. Qf4 dxc4
15. Rad1 Qe7 16. Qxc4 Be6 17. Bc5 $14 {1-0 Bastian,H-Wahls,M/Germany 1988/(42)}
) (11. Bf4 {Bangiev} Be6 12. Rad1 Qb6 13. Bxe6 fxe6 14. e5 dxe5 15. Qxe5 $14 {
1-0 Battsetseg,T-Sheremetieva,M/Manila 1992/(62)}) 11... Be6 (11... Ncxe4 {
Bangiev} 12. Rxe4 Nxe4 13. Nxe4 d5 14. Bb2 $36 {1-0 Arakhamia Grant,K-Giertz,N/
Geneve 1990/(24)}) 12. Bxe6 (12. Bb2 Bxc4 13. Qxc4 Qc7 14. Rad1 Nfd7 15. Nd4 g6
16. Qe2 Rfe8 17. Qd2 Bf8 18. Nf3 Ne5 19. Nh2 $14 {1-0 Stefansson,H-Oratovsky,M/
Lisbon POR 2000/ (34)}) 12... Nxe6 (12... fxe6 13. e5 (13. Ba3 $5 {[%cal Ge4e5]
} Nfd7 14. Rad1 d5 $140 15. exd5 exd5 16. Nxd5 cxd5 17. Qxd5+ Rf7 (17... Kh8
18. Bxc5 Nxc5 19. Qe5 $18) 18. Qc4 Qf8 19. Rxd7 Nxd7 20. Rxe7 $18) 13... Nd5 (
13... dxe5 14. Qxe5 Nd5 15. Ne4 $14) 14. Ba3 $14) 13. Qd2 Qb6 $2 {'?!' Bangiev.
Black has overlooked a well known tactical idea. Instead he could have solved
all his problems by committing himself to an immediate breakthrough} (13... d5
$1 14. exd5 (14. Bb2 {Bangiev} Bb4) (14. e5 {Bangiev} Nd7 15. Ne2 Re8 (15...
Bb4 {Bangiev} 16. c3 Bc5 17. Ned4) (15... Ndc5 {Bangiev} 16. Ng3) 16. Ng3 Bb4
$5 {um das Feld b3 zu schwächen.} 17. c3 Bf8 18. Bb2 (18. Ba3 {Bangiev} Bxa3
19. Rxa3 Ndc5 $15) 18... Ndc5 19. Qc2 Qb6 $36) 14... cxd5 {[%cal Ye7b4]} (14...
Nxd5 {Bangiev} 15. Bb2 $14) 15. Ba3 (15. Bb2 {Bangiev} Rc8 (15... Bb4 $5 $132 {
Bangiev}) 16. Nd4 Bb4 17. Qd3 $5 (17. Nxe6 {Bangiev} fxe6 $15) (17. Rxe6 $2 {
Bangiev} fxe6 18. Nxe6 Ne4 $1 $17) 17... Ne4 18. Nxe6 fxe6 19. Nxe4 Bxe1 20.
Rxe1 dxe4 21. Qxe4 Rf7 $15) (15. Nd4 {Bangiev} Bb4 16. Nxe6 fxe6) 15... Bxa3
16. Rxa3 Rc8 $132) (13... Qc7 {Bangiev} 14. Bb2 Rad8 15. Rad1 (15. Nh4 $2 {
Bangiev} d5 16. Nf5 Bb4 $17) 15... d5) 14. Ba3 Rad8 (14... Rfe8 {Bangiev} 15.
Bxd6 Rad8 16. e5 $16) 15. Nd5 $1 cxd5 16. exd5 Nxd5 (16... Nc7 {Bangiev} 17.
Rxe7 Ncxd5 18. Re2 $16) 17. Qxd5 $16 {[%csl Rd6]} Rfe8 18. Rad1 {'+/=' Bangiev.
} Rc8 19. Nd4 $1 {White has rightly desided that in the dark-squared bishops'
endgame he will be able to take advantage of the weak pawns a5 and d6. 
Bangiev: 'Weiß, der über die bessere Bauernstruktur verfügt, ist damit
bestrebt Figuren zu tauschen.'} (19. Rd2 $5 Bf6 20. Re4) 19... Nxd4 (19... Bh4
20. Re4 $16) 20. Rxd4 Bf6 21. Rde4 Rxe4 22. Rxe4 Be5 23. Rc4 Rxc4 24. Qxc4 Qc6
$2 (24... g6 {Bangiev} 25. Kf1 (25. Bc1 {Bangiev} Bd4) 25... h6 (25... Kg7 {
Bangiev} 26. Bc1) 26. Bc1 h5 27. Be3 Qd8 28. Qd5 Qc7 29. c4 $14) 25. Qxc6 bxc6
26. b4 $1 $16 {'!' Bangiev. Bangiev: 'Der a-Freibauer soll die schwarzen
Kräfte ablenken.'} axb4 27. Bxb4 Kf8 (27... c5 28. Ba5 (28. Bd2 d5) (28. Ba3
Bc3 29. Kf1 Kf8 30. Ke2 Ke7 31. Kd3 Be1 32. Kc4) 28... Kf8 29. Bb6 Ke7 30. a5
Kd7 31. a6 Kc6 32. a7 Kb7 33. c4 $16) 28. a5 Ke7 29. a6 Bd4 30. Bc3 $1 Ba7 (
30... Bxc3 $2 {Bangiev} 31. a7) 31. Bxg7 d5 (31... Kd7 {Bangiev} 32. g4 Kc7 33.
g5 Kb6 34. Kg2 Kxa6 35. f4 Kb5 36. h4 Kc4 37. h5 $16) 32. g4 $1 Kd6 33. g5 {
Bangiev: 'Der neue Freibauer auf der g-Linie entscheidet den Kampf.'} Kc5 (
33... Ke6 34. Kg2 Kf5 35. h4 Kg4 36. Bf6 $16) 34. f4 Kb5+ 35. Kg2 Kxa6 36. h4
Be3 (36... Kb5 37. h5 Kc4 38. f5 Be3 39. g6 fxg6 40. fxg6 hxg6 41. hxg6 c5 42.
Kf3 Bc1 43. Kg4 $18) 37. Kf3 Bc1 38. h5 Kb5 39. Kg4 Kc4 40. f5 d4 41. g6 hxg6
42. fxg6 fxg6 43. hxg6 {[%cal Gg7f8]} d3 44. cxd3+ Kxd3 45. Kh5 {'+-' Bangiev.}
(45. Bf6 $2 {Bangiev} Bh6) 45... Ba3 46. Kh6 (46. Bf6 $2 {Bangiev} Bf8) 46...
Be7 (46... Ke4 47. Kh7 Kf5 48. Bd4 Bf8 49. Bc5 $18) 47. Kh7 c5 (47... Ke4 {
Bangiev} 48. Bb2 Bf8 49. Ba3 $18) 48. Bd4 {'!' Bangiev.} (48. Be5 Bf8 49. Bd6
Bxd6 50. g7 c4 51. g8=Q c3 52. Qd5+ Ke2 53. Qe6+ $18) 48... Kxd4 49. g7 c4 50.
g8=Q c3 51. Qg7+ Kd3 52. Qxe7 c2 53. Qe1 1-0

[Event "FIDE-Wch k.o."]
[Site "Tripoli"]
[Date "2004.06.20"]
[Round "1.5"]
[White "Felgaer, Ruben Alejandro"]
[Black "Jobava, Baadur"]
[Result "0-1"]
[WhiteElo "2592"]
[BlackElo "2616"]
[Annotator "Huzman,A"]
[PlyCount "84"]
[EventDate "2004.06.19"]
[EventType "k.o."]
[EventRounds "7"]
[EventCountry "LBY"]
[SourceTitle "CBM 102"]
[Source "ChessBase"]
[SourceDate "2004.09.23"]
[SourceVersion "1"]
[SourceVersionDate "2004.09.23"]
[SourceQuality "1"]

1. e4 d6 2. d4 Nf6 3. Nc3 e5 4. Nf3 Nbd7 5. Bc4 Be7 6. O-O O-O 7. Re1 h6 8. h3
c6 9. a4 a5 10. Ba2 Re8 11. Be3 Qc7 12. Qd2 Nf8 (12... Bf8 13. Rad1 (13. Nh4
Nb6 14. Ng6 Be6 15. Bxe6 Rxe6 16. Nxf8 Rxf8 17. b3 $14 {1-0 Kordonowski,
F-Fecke,A/Germany 1994/GER (34)}) 13... Nb6 14. Nh4 Be6 15. Bxe6 Rxe6 16. b3
Kh7 17. d5 Ree8 18. Qd3 Nbd7 19. dxc6 bxc6 20. Nf5 $16 {1/2-1/2 Madl,I-Horvath,
J/HUN 1993/EXT 97 (37)}) 13. Rad1 (13. dxe5 dxe5 14. Bxh6 gxh6 15. Qxh6 N6h7
16. Qh5 Bf6 $17 {0-1 Adda,O-Grimberg,G/Grenoble FRA 2004/(33)}) 13... Ng6 (
13... N6h7 14. Qd3 Qb8 15. Nd2 Bd7 16. Qc4 Be6 17. d5 cxd5 18. Nxd5 $16 {
1-0 Renet,O-Berezjuk,S/Katowice 1992/TD (52)}) (13... Bd7 14. dxe5 dxe5 15.
Bxh6 gxh6 16. Qxh6 N6h7 17. Bxf7+ Kxf7 18. Rxd7 Nxd7 19. Qxh7+ Kf8 20. Qh6+ {
1/2-1/2 Solana Suarez,E-Strikovic,A/Las Palmas 1993/EXT 97 (20)}) (13... Be6
14. d5 Bd7 15. Nxe5 dxe5 16. d6 Bxd6 17. Qxd6 Qxd6 18. Rxd6 Be6 19. Bxe6 Rxe6
20. Red1 $14 {[%csl Ra5] 1-0 Paehtz,E-Duppel,M/Schierke 1998/EXT 99 (65)}) 14.
Bb3 (14. Qd3 $5 {[%cal Gd3c4]}) 14... Bf8 15. Qd3 Nh5 $1 16. Nd2 Nhf4 17. Qf1
$2 (17. Qc4 Qe7 $36 {[%cal Ye7g5] >>} (17... exd4 18. Qxd4 $14 {[%cal Gd4b6]}))
17... exd4 18. Bxd4 Nh4 $17 19. Re3 $2 (19. g4 $142 h5 (19... Nhg2 20. Ne2 Nxe1
21. Nxf4 d5 22. e5) 20. f3 $17) 19... Nfxg2 20. Rg3 Nf4 $19 21. Nc4 Nh5 22. Nb6
Rb8 23. Nxc8 Rbxc8 24. Rg4 (24. Re3 Nf4 $17) 24... Nf3+ 25. Kh1 (25. Kg2 Nxd4
26. Rxd4 g5 $5 $19) 25... d5 26. Qg2 Nxd4 27. Rxd4 Nf6 28. Rg3 (28. Rh4 Bb4 29.
f3 Qe5 30. exd5 Qe1+ 31. Qg1 Bxc3 32. bxc3 c5 33. Rde4 Qd2 $1 $19) 28... Qe5
29. Rgd3 Bc5 30. f4 Qxf4 31. Rf3 Qxf3 (31... Qh4 $19) 32. Qxf3 Bxd4 33. exd5
Re3 34. Qf5 (34. Qf4 Re1+ 35. Kg2 Bxc3 36. bxc3 cxd5 $19) 34... Rce8 35. d6 (
35. dxc6 bxc6 $19) 35... Bxc3 36. d7 (36. bxc3 Re1+ 37. Kg2 R8e2+ 38. Kg3 Rg1+
$19) 36... Re1+ 37. Kg2 R8e2+ 38. Kf3 Re3+ 39. Kf2 R3e2+ 40. Kg3 (40. Kf3 Rd2
$19) 40... Rd2 41. bxc3 Rg1+ 42. Kf4 Rf1+ 0-1

[Event "FIDE-Wch k.o."]
[Site "Tripoli"]
[Date "2004.06.20"]
[Round "1.7"]
[White "Felgaer, Ruben Alejandro"]
[Black "Jobava, Baadur"]
[Result "1-0"]
[WhiteElo "2592"]
[BlackElo "2616"]
[Annotator "Huzman,A"]
[PlyCount "96"]
[EventDate "2004.06.19"]
[EventType "k.o."]
[EventRounds "7"]
[EventCountry "LBY"]
[SourceTitle "CBM 102"]
[Source "ChessBase"]
[SourceDate "2004.09.23"]
[SourceVersion "1"]
[SourceVersionDate "2004.09.23"]
[SourceQuality "1"]

1. e4 d6 2. d4 Nf6 3. Nc3 e5 4. Nf3 Nbd7 5. Bc4 Be7 6. O-O O-O 7. a4 a5 8. b3
c6 9. Bb2 h6 10. Re1 Re8 11. Bd3 (11. h3 Bf8 12. Bf1 Qb6 13. Qd2 exd4 14. Nxd4
Nc5 15. Qf4 Ne6 16. Nxe6 Bxe6 17. Nd1 $14 {1-0 Hase,J-Emma,J/Buenos Aires 1972/
EXT 99 (40)}) (11. Bf1 Bf8 12. g3 Qb6 13. Nb1 exd4 14. Bxd4 c5 15. Bxf6 Nxf6
16. Nbd2 Be6 17. Bb5 Red8 18. Qe2 d5 19. e5 Ne8 20. Bd3 Nc7 21. c4 Na6 22. cxd5
Bxd5 23. Bc4 Nb4 24. Bxd5 Rxd5 25. Nc4 $16 {1-0 Timman,J-Najdorf,M/Netanya
1975/EXT 2002 (38)}) (11. Qd2 Qc7 12. Rad1 (12. Nd1 Nxe4 13. Rxe4 d5 $11 {
0-1 Meszaros,A-Bali,J/Eger 1995/EXT 99 (31)}) 12... Nf8 (12... Bf8 13. h3 g6
14. Ba3 Bg7 15. dxe5 dxe5 16. Bd6 Qb6 17. Nh4 Nf8 18. Bxf8 Kxf8 19. Qd6+ Re7
20. Nd5 Nxd5 21. exd5 $16 {1-0 Klovans,J-Vogelmann,P/GER 1999/EXT 2000 (47)})
13. h3 Be6 14. Bxe6 Nxe6 15. dxe5 dxe5 16. g3 Rad8 $17 {1-0 Needleman,A-Somer,
N/Dos Hermanas 2004/CBM 99 ext (39)}) 11... Qc7 (11... Qb6 12. Ne2 d5 13. Ng3
$14) 12. Ne2 Bf8 13. Ng3 g6 14. Qd2 Bg7 15. Rad1 Nf8 (15... exd4 16. Bxd4 $1 (
16. Nxd4 Nc5 $132) 16... Ne5 17. Be2 $14 {[%csl Rd6]}) 16. h3 Bd7 17. Bc3 $1 b6
$6 (17... b5 $5 18. Qc1 bxa4 19. dxe5 dxe5 20. bxa4 Bc8 21. Qa1 N6d7 $11 {
[%cal Yf8e6]}) 18. Qc1 $1 Rad8 19. Qb2 N6h7 20. Nf1 $1 {[%cal Gf1e3,Ge3c4]
[%mdl 36]} Bc8 21. Ne3 Ng5 22. Nxg5 hxg5 23. Bc4 $5 (23. d5 $1 c5 24. Bb5 $16)
23... exd4 24. Bxd4 Be5 $1 25. Qc3 Qe7 26. Bd3 $1 {[%csl Rb6,Rc6]} Bb7 27. Nc4
$1 Bxd4 28. Qxd4 c5 29. Qe3 Nd7 30. Qg3 Ne5 31. Nxb6 $16 Qf6 32. f3 (32. Bb5
Re6 33. Nd5 Bxd5 34. Rxd5 Kg7 $16) 32... Kg7 33. Nc4 Nxc4 34. Bxc4 Qe5 35. Qf2
(35. Qxe5+ dxe5 36. c3 $16) 35... Qf4 36. Re2 f5 37. exf5 gxf5 38. Red2 Qe5 39.
Bd5 Ba6 40. Bc6 Re7 41. Rd5 Qf6 42. Bb5 Bb7 43. R5d2 f4 44. Bc4 Re3 45. Rd3
Rde8 $2 (45... d5 46. Qd2 $16) 46. Qd2 (46. Rxd6 Qc3 47. Rd7+ R8e7 48. Rxe7+
Rxe7 49. Qxc5 Re1+ 50. Rxe1 Qxe1+ 51. Kh2 Qg3+ 52. Kh1 $18) 46... Re2 47. Qc3 (
47. Qxa5 $1 $18) 47... Qxc3 48. Rxc3 Rd8 $4 (48... Rd8 49. Bxe2 $18) (48...
Re1+ 49. Rxe1 Rxe1+ 50. Kf2 Rc1 $44) 1-0

[Event "Karadjordje Serbia"]
[Site "Topola"]
[Date "2004.05.05"]
[Round "2"]
[White "Pavasovic, Dusko"]
[Black "Damljanovic, Branko"]
[Result "1/2-1/2"]
[WhiteElo "2591"]
[BlackElo "2583"]
[Annotator "Huzman,A"]
[PlyCount "51"]
[EventDate "2004.05.04"]
[EventType "tourn"]
[EventRounds "11"]
[EventCountry "YUG"]
[EventCategory "13"]
[SourceTitle "CBM 101"]
[Source "ChessBase"]
[SourceDate "2004.07.27"]
[SourceVersion "1"]
[SourceVersionDate "2004.07.27"]
[SourceQuality "1"]

1. e4 d6 2. d4 Nf6 3. Nc3 e5 4. Nf3 Nbd7 5. Bc4 Be7 6. O-O O-O 7. a4 c6 8. Re1
b6 9. d5 cxd5 10. Nxd5 Nxd5 11. Bxd5 Rb8 12. b3 a6 {preparing b6-b5 to put
pressure on "c2" and thus compensate the "d6" weakness} (12... Nf6 13. Ba3 (13.
Bc4 Bb7 14. Nd2 (14. Bd3 Qc7 15. Bb2 Nd7 16. Bc4 Nc5 17. Bd5 $14 {1/2-1/2
Balabaev,T-Kasparova,T/Olomouc 2003/CBM 95 ext (26)}) 14... d5 15. exd5 Nxd5
16. Bb2 f6 17. Qh5 g6 18. Qh6 Rf7 19. Ne4 Bf8 20. Qd2 Kg7 21. Rad1 Rd7 22. Bb5
{0-1 Hernandez,Y-Agrest,S/Warsaw 2001/CBM 82 ext (35)} (22. f4 $1 $16)) (13. c4
Nxd5 14. Qxd5 Bb7 $11 {1/2-1/2 Biti,O-Janev,E/Bosnjaci CRO 2004/(24)}) 13...
Nxd5 (13... Bg4 14. Bc4 Qc7 15. h3 Bc8 16. Nd2 Bb7 17. Bd3 d5 $11 {1-0
Solleveld,M-Nill,J/Apeldoorn 1999/EXT 2002 (68)}) 14. Qxd5 Bb7 (14... Be6 15.
Qd2 Qc7 16. c4 h6 17. h3 Kh8 18. Rad1 Rbd8 19. Qe2 Rd7 20. Nd2 g6 21. Nb1 Kh7
22. Nc3 $14 {1-0 Trabert,B-Agrest,S/Warsaw 2001/CBM 82 ext (32)}) 15. Qd3 Qc7
16. Rad1 Rfd8 (16... Rbd8 17. c4 Qc8 18. Nd2 Qe6 19. Nb1 f5 $132 {0-1 Berczes,
C-Mensch,E/Budapest 2000/CBM 79 ext (59)}) 17. c4 Bc6 18. Nd2 a6 19. Nf1 Qb7
20. Bc1 b5 $15 {1/2-1/2 Kyas,J-Hesse,P/Germany 1992/GER-chT2 (43)}) 13. Nd2 Nf6
14. Nc4 Nxd5 15. Qxd5 Be6 16. Qd3 b5 17. axb5 axb5 18. Ne3 Qc7 19. Bd2 Qc5 (
19... Bg5 20. Ra2 h6 21. Bb4 Bxe3 22. Qxe3 Qc6 23. Qc3 Qxc3 24. Bxc3 Ra8 $11 {
1/2-1/2 Macieja,B-Panchenko,A/Pardubice 1994/EXT 97 (38)}) 20. b4 (20. Nd5 Bxd5
21. exd5 b4 22. Be3 Qb5 $11) 20... Qc7 21. Ra5 (21. Ra6 Rfc8 22. Rea1 Rb6 $11)
21... Bg5 22. Rd1 (22. Nd5 Bxd5 23. Qxd5 Bxd2 24. Qxd2 Rfc8 $11) 22... Bxe3 $11
{[%csl Rc2,Rd6] the opposite-coloured Bs and mutually negating "d6" and "c2"
weaknesses contribute to but one  outcome} 23. Bxe3 Bc4 24. Qd2 (24. Qxd6 $140
$4 Rbd8 $19) 24... Rfd8 25. Ba7 Rbc8 26. Qe3 1/2-1/2

[Event "Decameron"]
[Site "Decameron"]
[Date "2003.12.07"]
[Round "2"]
[White "Bruzon Batista, Lazaro"]
[Black "Nisipeanu, Liviu Dieter"]
[Result "0-1"]
[WhiteElo "2610"]
[BlackElo "2675"]
[Annotator "Huzman,A"]
[PlyCount "84"]
[EventDate "2003.12.06"]
[EventType "tourn"]
[EventRounds "9"]
[EventCountry "DOM"]
[EventCategory "9"]
[SourceTitle "CBM 099"]
[Source "ChessBase"]
[SourceDate "2004.03.30"]
[SourceVersion "1"]
[SourceVersionDate "2004.03.30"]
[SourceQuality "1"]

1. e4 {Atlas,V} e5 2. Nf3 d6 3. d4 exd4 4. Nxd4 Nf6 5. Nc3 Be7 6. Nde2 O-O 7.
g3 Re8 8. Bg2 Bf8 9. O-O Na6 (9... Nbd7 10. f3 Nb6 11. g4 h6 12. a4 a5 13. g5
hxg5 14. Bxg5 d5 15. Nf4 Qd6 16. Nfxd5 Nfxd5 17. exd5 Qg6 $44 {1-0 Balogh,
C-Beim,V/Velden AUT 2004/(41)}) 10. Re1 Nc5 11. Nd4 Bg4 12. f3 Bd7 13. Be3 c6
14. a4 a5 15. Kh1 (15. Qd2 $142) 15... d5 (15... Qb6 $5 16. Nb3 (16. Qd2 Qb4
$132) 16... Be6 17. Nxc5 dxc5 18. b3 Rad8 19. Qe2 Qc7 $13 {[%cal Yc5c4]}) 16.
exd5 Nxd5 (16... cxd5 17. Bg5 (17. Qd2 {[%cal Ge3g5]} h6 18. Ncb5 $14) 17...
Rxe1+ 18. Qxe1 h6 19. Bxf6 Qxf6 20. Qd2 Ne6 $11) 17. Nxd5 cxd5 18. b3 Qf6 $11 {
The position is equal as weaknesses d5 and c2 compensate one another.} 19. Qd2
Ne6 20. Rad1 (20. c3 {(Atlas,V) was to be preferred.}) 20... Qg6 21. Nxe6 $6 {
This move gives the initiative to Black as pawns of White on the Q-side become
vulnerable now.} (21. Ne2 Bc6 22. c3 Nc5 23. Nf4 Qd6 $132 {[%csl Rb3]}) (21. f4
$5 Nxd4 22. Bxd4 Bg4 23. Rc1 Rxe1+ (23... Qh5 24. Rxe8 Rxe8 25. Qxa5 Bf3 26.
Re1 $16) (23... Be6 24. Re5 $36) 24. Rxe1 Be6 25. c3 $14) 21... Bxe6 22. Bf2 (
22. Bd4 {Atlas,V: 'is strongly met by'} Bf5 $1 23. Rxe8 Rxe8 24. Qxa5 Bxc2 $17)
(22. Bf1 $142 Rac8 23. Bd3 Qf6 24. Qf2 Bb4 $15) 22... Rac8 23. c3 (23. Rc1 {
(Atlas,V) fails to} Ba3) 23... d4 $1 $17 {'!' Atlas,V. Atlas,V: 'A very strong
move yielding Black good winning prospects.'} 24. Bxd4 Bxb3 25. Ra1 (25. Rb1
Rxe1+ 26. Qxe1 Bxa4 27. Rxb7 Bc6 28. Rb6 (28. Ra7 Rb8 $19) 28... a4 $17) 25...
Rxe1+ 26. Qxe1 Qc6 27. f4 Bd5 28. Bxd5 $2 (28. Qf2 $142 {Atlas,V: 'was to be
preferred.'} Re8 29. Bxd5 Qxd5+ 30. Qg2 $15) 28... Qxd5+ 29. Kg1 Rc4 {Atlas,V:
'Black has a lasting advantage, but he needs to overcome some difficulties yet.
'} 30. Qf2 $2 (30. Qe5 Qd7 31. Rb1 Qxa4 (31... Rxa4 $5 32. Qb5 Rxd4 (32... Qxb5
33. Rxb5 Ra2 34. Rxb7 f6 35. f5 $11) 33. cxd4 Qxd4+ 34. Kf1 a4 35. Qxb7 a3 $17)
32. Rxb7 Qd1+ 33. Kg2 Qc2+ 34. Kh3 Rc6 35. Rb6 Rxb6 36. Bxb6 a4 37. Bc5 $15)
30... Qc6 (30... Rxc3 $1 $19) 31. Qa2 $2 (31. Rb1 $142 Rxa4 32. Qb2 Qe6 $17)
31... Rxc3 $1 {[%mdl 64] Atlas,V: 'Destroying White's fragile defensive
construction and launching an irresisitible attack.'} 32. Bxc3 Bc5+ 33. Kf1
Qf3+ $19 34. Ke1 Qxc3+ 35. Kd1 (35. Kf1 {Atlas,V} Qf3+ 36. Ke1 Bb4+) 35... Qd4+
36. Ke2 Qe3+ 37. Kd1 Bb4 38. Kc2 Qe4+ 39. Kb2 (39. Kc1 {(Atlas,V) fails to}
Qh1+ {, destroying White's kingside.}) 39... Be7 $1 40. Qb1 ({Other
continuations lose as well:} 40. Rc1 {Atlas,V} Bf6+ 41. Ka3 Qb4#) (40. Rd1 {
Atlas,V} Qe2+ {, winning the rook.}) 40... Bf6+ 41. Ka3 Qe3+ 42. Ka2 Qd2+ 0-1